000 01119 a2200265 4500
003 UA-OsUOA
005 20230928145707.0
008 230928b un ||||| |||| 00| 0 ukr d
020 _a9789664392676
040 _aUA-OsUOA
_bukr
_cUA-OsUOA
_dUA-OsUOA
041 _aukr
080 _a519.81(075.8)
090 _a519.81(075.8)
_bВ68
100 _aВолошин О. Ф.
110 _aКиївський національний університет імені Тараса Шевченка
245 _aМоделі та методи прийняття рішень
_bнавчальний посібник
_cО. Ф. Волошин, С. О. Мащенко
250 _a2-ге вид., доп. і перероб.
260 _aК.
_bВПЦ КУ
_c2010
300 _a336 с.
650 _2UDC
_a519.81 Математичні теорії та методи дослідження операцій
700 1 _aМащенко С. О.
942 _cBK
_2udc
955 _a2
999 _c575165
_d575165